| 000 | 00503nam a2200169Ia 4500 | ||
|---|---|---|---|
| 003 | OSt | ||
| 005 | 20200619141423.0 | ||
| 008 | 190216s9999||||xx |||||||||||||| ||und|| | ||
| 020 | _a8185395683 | ||
| 040 | _coclc | ||
| 082 |
_a954.4 _bTOD/A |
||
| 100 |
_a Tod, James _93043 |
||
| 245 | 0 |
_aAnnals And Antiquities Of Rajasthan / _cJames Tod ; William Crooke |
|
| 260 |
_bLow Price Publications, _c1990. _aDelhi: |
||
| 300 | _a1862p | ||
| 942 |
_cREF _2ddc _h954.4 _iTOD/A _k954.4 _mTOD/A |
||
| 999 |
_c36219 _d36219 |
||